000 nam a22 7a 4500
999 _c47865
_d47865
003 OSt
005 20190524104919.0
008 190524b xxu||||| |||| 00| 0 eng d
040 _cIIMT UNIVERSITY
100 _aDES GCEGORY G.
245 _aSTRATEGIC MANAGEMENT : TEXT & CASES
260 _aNEW DELHI
_bTMH PUB
_c2009
300 _a984
942 _2ddc
_c01